Statistical abstract of the United States 1946 (Record no. 542448)

000 -LEADER
fixed length control field 00460nam a2200157Ia 4500
020 ## - INTERNATIONAL STANDARD BOOK NUMBER
International Standard Book Number 0160488362(pbk)
082 ## - DEWEY DECIMAL CLASSIFICATION NUMBER
Classification number 317.3
Author Mark STA
-- L-31,P-28
245 ## - TITLE STATEMENT
Title Statistical abstract of the United States 1946
250 ## - EDITION STATEMENT
Edition statement 67 th number.
260 ## - PUBLICATION, DISTRIBUTION, ETC.
Place of publication, distribution, etc. Washington
Name of publisher, distributor, etc. Bureau of the Census
Date of publication, distribution, etc. 1946
300 ## - PHYSICAL DESCRIPTION
Extent 139p
526 ## - STUDY PROGRAM INFORMATION NOTE
Program name 0
Interest level 0
Reading level 0
Title point value 317_300000000000000_STA
650 ## - SUBJECT ADDED ENTRY--TOPICAL TERM
Topical term or geographic name entry element MCE
9 (RLIN) 379
650 ## - SUBJECT ADDED ENTRY--TOPICAL TERM
Topical term or geographic name entry element United States -- Statistics -- Periodicals
9 (RLIN) 37627
942 ## - ADDED ENTRY ELEMENTS (KOHA)
Source of classification or shelving scheme
Koha item type Book
Holdings
Withdrawn status Lost status Source of classification or shelving scheme Damaged status Not for loan Permanent Location Current Location Date acquired Total Checkouts Full call number Barcode Date last seen Price effective from Koha item type
          Military College of Engineering (MCE) Military College of Engineering (MCE) 12/20/2013   317.3 STA MCE-40031 12/20/2013 12/20/2013 Book
© 2023 Central Library, National University of Sciences and Technology. All Rights Reserved.